Filosofía del lenguaje / (Record no. 28292)
[ view plain ]
| 000 -LEADER | |
|---|---|
| campo de control de longitud fija | 01839ntaaa2200445 4500 |
| 003 - IDENTIFICADOR DE NÚMERO DE CONTROL | |
| campo de control | 01 |
| 005 - FECHA Y HORA DE LA ÚLTIMA TRANSACCIÓN | |
| campo de control | 20251027203300.0 |
| 008 - DATOS DE LONGITUD FIJA--INFORMACIÓN GENERAL | |
| campo de control de longitud fija | 0714s1973 ag 01 |
| 020 ## - NÚMERO INTERNACIONAL ESTÁNDAR DEL LIBRO | |
| Número Internacional Estándar del Libro | 8436239067 |
| 040 ## - FUENTE DE CATALOGACIÓN | |
| Centro catalogador/agencia de origen | AR-BaBN |
| Lengua de catalogación | spa |
| Centro/agencia transcriptor | AR-BaBN |
| Normas de descripción | aacr |
| Centro/agencia modificador | RIC |
| 082 ## - NÚMERO DE LA CLASIFICACIÓN DECIMAL DEWEY | |
| Número de clasificación | 401 B96 |
| 100 ## - ENTRADA PRINCIPAL--NOMBRE DE PERSONA | |
| Nombre de persona | Bustos Guadaño, Eduardo de |
| 9 (RLIN) | 35756 |
| 110 ## - ENTRADA PRINCIPAL--NOMBRE DE ENTIDAD CORPORATIVA | |
| Nombre de entidad corporativa o nombre de jurisdicción como elemento de entrada | Universidad Nacional de Educación a Distancia |
| 9 (RLIN) | 35757 |
| 245 ## - MENCIÓN DEL TÍTULO | |
| Título | Filosofía del lenguaje / |
| Mención de responsabilidad, etc. | Eduardo de Bustos Guadaño Universidad Nacional de Educación a Distancia |
| 250 ## - MENCION DE EDICION | |
| Mención de edición | 1ª ed. |
| 260 ## - PUBLICACIÓN, DISTRIBUCIÓN, ETC. | |
| Lugar de publicación, distribución, etc. | Madrid : |
| Nombre del editor, distribuidor, etc. | Universidad Nacional de Educación a Distancia, |
| Fecha de publicación, distribución, etc. | 1999 |
| 300 ## - DESCRIPCIÓN FÍSICA | |
| Extensión | 672 pp. |
| 505 ## - NOTA DE CONTENIDO CON FORMATO | |
| Título | INTRODUCCION HISTORICA A LA FILOSOFIA DEL LENGUAJE |
| 505 ## - NOTA DE CONTENIDO CON FORMATO | |
| Título | TEMA 1 Lenguaje, conocimiento y realidad en la Antigüedad Clásica |
| 505 ## - NOTA DE CONTENIDO CON FORMATO | |
| Título | El lenguaje como medio de acceso al conocimiento de la realidad |
| 505 ## - NOTA DE CONTENIDO CON FORMATO | |
| Título | Lenguaje y reaslidad según Platón. La exactitud de los nombres, naturaleza y convención |
| 505 ## - NOTA DE CONTENIDO CON FORMATO | |
| Título | El convencionalismo aristotélico |
| 505 ## - NOTA DE CONTENIDO CON FORMATO | |
| Título | Lenguaje y pensamiento según Aristóteles |
| 505 ## - NOTA DE CONTENIDO CON FORMATO | |
| Título | Nombre y predicado (ónoma y rhema) |
| 505 ## - NOTA DE CONTENIDO CON FORMATO | |
| Título | La teoría semiótica de los estoicos |
| 505 ## - NOTA DE CONTENIDO CON FORMATO | |
| Título | La objetividad de los lektá |
| 505 ## - NOTA DE CONTENIDO CON FORMATO | |
| Título | Las partes del discurso |
| 505 ## - NOTA DE CONTENIDO CON FORMATO | |
| Título | TEMA 2 Modi significandi. La filosofía del lenguaje en la Edad Media |
| 505 ## - NOTA DE CONTENIDO CON FORMATO | |
| Título | Las fuentes de la filosofía medieval del lenguaje |
| 505 ## - NOTA DE CONTENIDO CON FORMATO | |
| Título | El signo, según San Agustín |
| 505 ## - NOTA DE CONTENIDO CON FORMATO | |
| Título | El lenguaje exterior y lenguaje interior |
| 505 ## - NOTA DE CONTENIDO CON FORMATO | |
| Título | Dictio, dicibile y res |
| 505 ## - NOTA DE CONTENIDO CON FORMATO | |
| Título | Intenciones e imposicciones primarias y secundarias |
| 505 ## - NOTA DE CONTENIDO CON FORMATO | |
| Título | Significatio y suppositio |
| 505 ## - NOTA DE CONTENIDO CON FORMATO | |
| Título | Las diferentes clases de suppositio |
| 505 ## - NOTA DE CONTENIDO CON FORMATO | |
| Título | Los modistae. teoría de los modos de significar |
| 650 ## - PUNTO DE ACCESO ADICIONAL DE MATERIA--TÉRMINO DE MATERIA | |
| Término de materia o nombre geográfico como elemento de entrada | FILOSOFIA |
| 650 ## - PUNTO DE ACCESO ADICIONAL DE MATERIA--TÉRMINO DE MATERIA | |
| Término de materia o nombre geográfico como elemento de entrada | LENGUAJE |
| 9 (RLIN) | 8085 |
| 942 ## - ELEMENTOS DE ENTRADA SECUNDARIOS (KOHA) | |
| Tipo de ítem Koha | Colección General |
| Estatus retirado | Estado de pérdida | Estado de daño | No para préstamo | Biblioteca de origen | Biblioteca actual | Fecha de adquisición | Número de inventario | Total de préstamos | Signatura topográfica completa | Código de barras | Visto por última vez | Precio de reemplazo | Tipo de ítem Koha |
|---|---|---|---|---|---|---|---|---|---|---|---|---|---|
| Biblioteca Pluis | Biblioteca Pluis | 27/10/2025 | 044731 | 401 B96 | 044731 | 27/10/2025 | 27/10/2025 | RESERVADO |
